000 02857nam a2200229Ia 4500
003 Ost
005 20260507075716.0
008 260507s9999||||xx |||||||||||||| ||und||
020 _a9789931248590
040 _cfsecg
041 _aara
082 _a658.408
100 _aقرعي، مريم
_eمؤلف
245 0 _a المسؤولية الاجتماعية للمؤسسات وفق مقاربة الفكر التسييري /
_c مريم قرعي
260 _aالجزائر:
_bدار الباحث للطباعة والنشر والتوزيع,
_c2023
300 _a106 صفحة؛
_bإيضاحات ؛
_c24 سم
504 _aالمراجع ص.106
520 _aيتناول الكتاب موضوع المسؤولية الاجتماعية للمؤسسات من منظور إداري، حيث انطلق بانتقاد النظرة التقليدية التي ترى أن مسؤولية المؤسسة تقتصر على تحقيق الأرباح فقط، ممثلة بآراء اقتصاديين مثل ميلتون فريدمان. ثم قام الكاتب بتسليط الضوء على التغيرات التي طرأت على دور المؤسسات في المجتمع، حيث لم تعد مجرد كيانات اقتصادية بل أصبحت مرتبطة بالبيئة الاجتماعية التي تعمل فيها وتتأثر بضغوط متعددة لتحقيق التوازن بين الأرباح والمسؤولية الاجتماعية. كما اشار كذلك تشير إلى أهمية الموضوع في السنوات الأخيرة نتيجة للتطورات الاقتصادية والاجتماعية والسياسية، وظهور حركات معارضة للعولمة فضائح الفساد . أما بالنسبة لهيكل الكتاب فقد عالج الموضوع من خلال أربعة أجزاء رئيسية: الجزء الأول: تعريف مفاهيمي للمسؤولية الاجتماعية للمؤسسات. الجزء الثاني: الإدارة الاستراتيجية للمسؤولية الاجتماعية. الجزء الثالث: المعايير والمواصفات الدولية لتقييم المسؤولية الاجتماعية.الجزء الرابع: حماية المستهلك من منظور المسؤولية الاجتماعية. باختصار، الكتاب يقدم نظرة شاملة للمسؤولية الاجتماعية للمؤسسات، بدءًا من التعريف بها وصولًا إلى تطبيقاتها العملية، مع التركيز على أهمية دمج هذه المسؤولية في الإستراتيجيات الإدارية للمؤسسات.
653 _aالمسؤولية الإجتماعية- المؤسسات
653 _aمقاربة الفكر التسييري - المسؤولية الاجتماعية
942 _cكتاب
999 _c45921
_d45921